000 00319nam a2200109Ia 4500
005 20251222154426.0
008 251222s9999||||xx |||||||||||||| ||spa||
082 _a631.5/E11
100 _a"Earls, John"
245 0 _aPlanificación agrícola andina: Bases para un manejo cibernético de sistemas de andenes
942 _cLIB
999 _c36244
_d36244